00628nam a2200169 4500001000700000003000900007005001700016007000300033008004100036100004600077245010600123260003400229300002200263852003200285999001900317952012200336127985ES-MaACL20230906193132.0t|070214s1968 sp r ||||1| spa d1 aRíos González, José Antonio.99738310aFormación matrimonial b: (esquemas para reuniones de equipos) /cJosé Antonio Ríos González. aBilbao : bMensajero, c1968. a157 p. ; c19 cm. aES-MaACLjC-51415 bR.68184 c127985d127985 00104070aATENEOMbATENEOMcDEPO2d2008-01-17eSCl0oC-51415p1133300r2023-02-23 00:00:00w2023-02-23yMONOGRAFIA